000 00831nam a2200205 a 4500
008 081022s1995 ||||||||||||||||| || u
050 _aIBRD(08)
100 _aValdes, Alberto
245 1 0 _aSurveillance of agricultural price and trade policies: a handbook for Uruguay
260 _aWashington, D. C.
_bWorld Bank
_c1995
300 _axi, 62p.: ill.
350 _a0.00
490 _aWorld Bank Technical Papers
500 _aTechnical Paper No. 284
650 _aAGRICULTURAL PRICES--GOVERNMENT POLICY--URUGUAY--STATISTICS
650 _aPRODUCE TRADE--URUGUAY--STATISTICS
650 _aFARM PRODUCE--URUGUAY--STATISTICS
700 _aSchaeffer, Barry
995 _D0.00
_FCBU-MAIN LIBRARY (Kitwe)
_H1
_I0.00
_M1
_UAVAILABLE
_WOct 22, 2008
_ZInternational Publications
999 _c59150
_d59150